00512nam a2200157 i 4500001000300000100001900003245008300022260002100105040000800126041000800134942000700142008004100149999001700190856009800207952004900305bg1 aPETRYK, Henryk 0aZagadnienie przesuwania obciążonego klina po powierzchni /cHenryk Petryk. aWarszawa,c1981. cBPK apol cKS s pl f |000 0 pol  c20818d20818 uhttp://koha.tu.koszalin.pl/cgi-bin/koha/opac-detail.pl?biblionumber=20818yKatalog online BPK 00104070aBPKbBPKcwo29301p01641127yKS